Statistiques concernant Paroles - L'amour à la machine - Alain Souchon

Cliquez ici pour prendre le quiz!

Statistiques générales

  • Ce quiz a été pris 166 fois
  • Le résultat moyen est 70 sur 106

Statistiques - réponses

Paroles% Correct
A
100%
à
100%
la
100%
La
100%
Le
100%
le
100%
les
100%
Les
100%
machine !
100%
machine
100%
De
98%
de
98%
couleurs
96%
amour
95%
Pour
95%
pour
95%
si
95%
Des
93%
d'origine
92%
ce
91%
l'eau
91%
Javel
90%
revenir
90%
voir
89%
Et
88%
Peuvent
88%
qu'on
88%
Faites
87%
bouillir
86%
Est-
86%
notre
86%
sentiments
86%
Passez
85%
Avant
83%
peut
83%
éternelle
81%
croyait
78%
ravoir
78%
blancheur
66%
ta
64%
nos
60%
du
57%
rose
55%
initial
51%
pâle
51%
devenue
50%
Allez !
49%
retrouver
48%
bleu
47%
joue
47%
l'amour
43%
rouge
43%
début
37%
dans
35%
Tout
35%
faire
33%
perdu
33%
c'est
32%
elles
32%
Tant
30%
baisers
27%
vie
27%
alors
26%
petits
25%
grands-
24%
passent
24%
pères
24%
d'azur
23%
fragiles
23%
gentils
23%
monde
22%
difficile
21%
mains
20%
autour
19%
blondes
19%
boucles
19%
Noires
18%
Matisse
16%
misère
16%
rouges
16%
tabasse
16%
caresses
15%
soleil
14%
tomber
12%

Distribution des résultats

Percentile par nombre de réponses

% des personnes avec chaque résultat

Votre développement - résultats

Vous n’avez pas pris ce quiz